Anteproyecto de diseño Centro de Arte y Cultura para la Universidad Nacional de ingeniería UNI

Presenta el anteproyecto Centro de Arte y Cultura para la Universidad Nacional de ingeniería UNI que estará compuesto por un centro de enseñanza artística con las disciplinas de arte plásticas, danza, música y artes escénicas, edificios complementarios tales como auditorio, biblioteca, galeri...

Full description

Bibliographic Details
Main Author: Cortez Contreras, Marjorie Scarleth
Other Authors: Tutor: Fuentes Telica, María de los Ángeles
Format: Tesis Section = Libro
Language:Undetermined
Spanish
Published: Managua UNI 2012
Subjects:
LEADER 01096nam a2200229Ia 4500
008 240830s9999 xx 000 0 und d
040 |a BIBLIOTECA-RUSB/ Mon 725.8042 C828 
041 |a spa 
082 |a Mon 725.8042 C828 
100 1 |a Cortez Contreras, Marjorie Scarleth 
245 1 0 |a Anteproyecto de diseño Centro de Arte y Cultura para la Universidad Nacional de ingeniería UNI 
260 |a Managua  |b UNI  |c 2012 
300 |a 140 p. :il. 
502 |a Tesis (Arquitecto) - UNI, 2012. 
520 3 |a Presenta el anteproyecto Centro de Arte y Cultura para la Universidad Nacional de ingeniería UNI que estará compuesto por un centro de enseñanza artística con las disciplinas de arte plásticas, danza, música y artes escénicas, edificios complementarios tales como auditorio, biblioteca, galerías y espacios de esparcimiento entre otros. 
650 7 |a CENTROS CULTURALES 
650 7 |b  CENTROS DE AYUDAS EDUCATIVAS 
650 7 |c  ARQUITECTURA - DISEÑOS Y PLANOS 
700 1 |a Tutor:  |b Fuentes Telica, María de los Ángeles 
942 |c BK  |2 ddc 
991 |a TESIS 
999 |c 21302